000 00725nam a22002297a 4500
999 _c3655
_d3655
003 AR-CdUCM
008 190307b ||||| |||| 00| 0 spa d
020 _a978-612-45856-0-9
040 _aMUNICIPALIDAD PROVINCIAL DEL CUSCO
_cBIBLIOTECA MUNICIPAL DEL CUSCO
082 _a869.56 /
_bC94
100 _aCuba, Gabriela
_911899
245 _aEn otra piel /
260 _aCusco :
_bYaku Editores,
_c2010.
300 _a235 paginas ;
_c21 cm.
505 _aEntre fuegos -- Divagaciones nocturnas -- Tupananchiskama -- Noche sin estrellas -- En otra piel ...
650 _aCuentos peruanos
_97
650 _aSiglo XX.
_98
650 _aCuentos andinos
_966
650 _aLiteratura
_983
942 _2ddc
_cLIBROS
945 _aacv